000 00370 a2200157 4500
001 48262
020 _a8508014880
040 _cAnchieta - Bela Vista
100 _aMachado, Ana Maria
240 1 0 _aHistória meio ao contrário
_lpor
245 1 0 _aHistória meio ao contrário
300 _a40
362 0 _a1993
650 4 _aLiteratura infanto-juvenil
942 _cBK
999 _c48262
_d48262